<?xml version="1.0" encoding="UTF-8"?>
<record
    xmlns:xsi="http://www.w3.org/2001/XMLSchema-instance"
    xsi:schemaLocation="http://www.loc.gov/MARC21/slim http://www.loc.gov/standards/marcxml/schema/MARC21slim.xsd"
    xmlns="http://www.loc.gov/MARC21/slim">

  <leader>00804nam a22001577a 4500</leader>
  <controlfield tag="003">OSt</controlfield>
  <controlfield tag="005">20151106144117.0</controlfield>
  <controlfield tag="008">151106b        xxu||||| |||| 00| 0 eng d</controlfield>
  <datafield tag="040" ind1=" " ind2=" ">
    <subfield code="c">RUA </subfield>
  </datafield>
  <datafield tag="082" ind1=" " ind2=" ">
    <subfield code="a">FOR HAM 2001 B127 Or.1</subfield>
  </datafield>
  <datafield tag="100" ind1=" " ind2=" ">
    <subfield code="9">3452</subfield>
    <subfield code="a">HAM VACHNA</subfield>
  </datafield>
  <datafield tag="245" ind1=" " ind2=" ">
    <subfield code="a">The contribution of technical silvilculture practice of the people in angproloeng erea, out dong district, kampong speu province, &#x179C;&#x17B7;&#x1797;&#x17B6;&#x1782;&#x1791;&#x17B6;&#x1793;&#x1793;&#x17C3;&#x1780;&#x17B6;&#x179A;&#x17A2;&#x1793;&#x17BB;&#x179C;&#x178F;&#x17D2;&#x178F;&#x1793;&#x17CD; &#x1794;&#x1785;&#x17D2;&#x1785;&#x17C1;&#x1780;&#x1791;&#x17C1;&#x179F;&#x179A;&#x17BB;&#x1780;&#x17D2;&#x1781;&#x179C;&#x1794;&#x17D2;&#x1794;&#x1780;&#x1798;&#x17D2;&#x1798; &#x179A;&#x1794;&#x179F;&#x17CB;&#x1794;&#x17D2;&#x179A;&#x1787;&#x17B6;&#x1787;&#x1793;&#x1780;&#x17D2;&#x1793;&#x17BB;&#x1784;&#x178F;&#x17C6;&#x1794;&#x1793;&#x17CB;&#x17A2;&#x1784;&#x17D2;&#x1782;&#x1796;&#x17D2;&#x179A;&#x179B;&#x17B9;&#x1784; &#x179F;&#x17D2;&#x179A;&#x17BB;&#x1780;&#x17A7;&#x178F;&#x17D2;&#x178F;&#x17BB;&#x1784;&#x17D2;&#x1782; &#x1781;&#x17C1;&#x178F;&#x17D2;&#x178F;&#x1780;&#x17C6;&#x1796;&#x1784;&#x17CB;&#x179F;&#x17D2;&#x1796;&#x17BA;&#x17BB;,</subfield>
  </datafield>
  <datafield tag="260" ind1=" " ind2=" ">
    <subfield code="a">Phnom Penh </subfield>
    <subfield code="b">RUA </subfield>
    <subfield code="c">2001</subfield>
  </datafield>
  <datafield tag="300" ind1=" " ind2=" ">
    <subfield code="a">58p.</subfield>
    <subfield code="b">ill.</subfield>
    <subfield code="c">29cm.</subfield>
  </datafield>
  <datafield tag="942" ind1=" " ind2=" ">
    <subfield code="2">ddc</subfield>
    <subfield code="c">FOR</subfield>
  </datafield>
  <datafield tag="999" ind1=" " ind2=" ">
    <subfield code="c">3222</subfield>
    <subfield code="d">3222</subfield>
  </datafield>
  <datafield tag="952" ind1=" " ind2=" ">
    <subfield code="0">0</subfield>
    <subfield code="1">0</subfield>
    <subfield code="2">ddc</subfield>
    <subfield code="4">0</subfield>
    <subfield code="6">FOR_HAM_2001_000000000000000_B127_OR_1</subfield>
    <subfield code="7">0</subfield>
    <subfield code="9">15113</subfield>
    <subfield code="a">LBB</subfield>
    <subfield code="b">LBB</subfield>
    <subfield code="c">B127</subfield>
    <subfield code="d">2015-11-06</subfield>
    <subfield code="l">2</subfield>
    <subfield code="o">FOR HAM 2001 B127 Or.1</subfield>
    <subfield code="p">RUA030497</subfield>
    <subfield code="r">2019-04-02</subfield>
    <subfield code="s">2019-03-04</subfield>
    <subfield code="w">2015-11-06</subfield>
    <subfield code="y">FOR</subfield>
  </datafield>
  <datafield tag="952" ind1=" " ind2=" ">
    <subfield code="0">0</subfield>
    <subfield code="1">0</subfield>
    <subfield code="2">ddc</subfield>
    <subfield code="4">0</subfield>
    <subfield code="6">FOR_HAM_2001_000000000000000_B127_OR_2</subfield>
    <subfield code="7">0</subfield>
    <subfield code="9">15114</subfield>
    <subfield code="a">LBB</subfield>
    <subfield code="b">LBB</subfield>
    <subfield code="c">B127</subfield>
    <subfield code="d">2015-11-06</subfield>
    <subfield code="o">FOR HAM 2001 B127 Or.2</subfield>
    <subfield code="p">RUA030557</subfield>
    <subfield code="r">2015-11-06</subfield>
    <subfield code="w">2015-11-06</subfield>
    <subfield code="y">FOR</subfield>
  </datafield>
  <datafield tag="952" ind1=" " ind2=" ">
    <subfield code="0">0</subfield>
    <subfield code="1">0</subfield>
    <subfield code="2">ddc</subfield>
    <subfield code="4">0</subfield>
    <subfield code="6">FOR_HAM_2001_000000000000000_B127_OR_3</subfield>
    <subfield code="7">0</subfield>
    <subfield code="9">15115</subfield>
    <subfield code="a">LBB</subfield>
    <subfield code="b">LBB</subfield>
    <subfield code="c">B127</subfield>
    <subfield code="d">2015-11-06</subfield>
    <subfield code="o">FOR HAM 2001 B127 Or.3</subfield>
    <subfield code="p">RUA031743</subfield>
    <subfield code="r">2015-11-06</subfield>
    <subfield code="w">2015-11-06</subfield>
    <subfield code="y">FOR</subfield>
  </datafield>
  <datafield tag="952" ind1=" " ind2=" ">
    <subfield code="0">0</subfield>
    <subfield code="1">0</subfield>
    <subfield code="2">ddc</subfield>
    <subfield code="4">0</subfield>
    <subfield code="6">FOR_HAM_2001_000000000000000_B127_OR_4</subfield>
    <subfield code="7">0</subfield>
    <subfield code="9">15116</subfield>
    <subfield code="a">LBB</subfield>
    <subfield code="b">LBB</subfield>
    <subfield code="c">B127</subfield>
    <subfield code="d">2015-11-06</subfield>
    <subfield code="o">FOR HAM 2001 B127 Or.4</subfield>
    <subfield code="p">RUA031683</subfield>
    <subfield code="r">2015-11-06</subfield>
    <subfield code="w">2015-11-06</subfield>
    <subfield code="y">FOR</subfield>
  </datafield>
  <datafield tag="952" ind1=" " ind2=" ">
    <subfield code="0">0</subfield>
    <subfield code="1">0</subfield>
    <subfield code="2">ddc</subfield>
    <subfield code="4">0</subfield>
    <subfield code="6">FOR_HAM_2001_000000000000000_B127_OR_5</subfield>
    <subfield code="7">0</subfield>
    <subfield code="9">15117</subfield>
    <subfield code="a">LBB</subfield>
    <subfield code="b">LBB</subfield>
    <subfield code="c">B127</subfield>
    <subfield code="d">2015-11-06</subfield>
    <subfield code="o">FOR HAM 2001 B127 Or.5</subfield>
    <subfield code="p">RUA030957</subfield>
    <subfield code="r">2015-11-06</subfield>
    <subfield code="w">2015-11-06</subfield>
    <subfield code="y">FOR</subfield>
  </datafield>
</record>
